[Event "Catalunya-ch (Women) 71st"]
[Site "Tarragona"]
[Date "2013.03.31"]
[Round "4"]
[White "Muratet Carmona, Alexandra"]
[Black "Terrones Launes, Mireia"]
[Result "0-1"]
[WhiteElo "1708"]
[BlackElo "1975"]
[PlyCount "90"]
[EventDate "2013.03.29"]
[EventType "swiss"]
[EventRounds "5"]
[EventCountry "ESP"]
[SourceTitle "EXT 2015"]
[Source "ChessBase"]
[SourceDate "2014.11.20"]
[SourceVersion "1"]
[SourceVersionDate "2014.11.20"]
[SourceQuality "1"]

1. e4 e5 2. Nf3 Nc6 3. d4 exd4 4. Nxd4 Bc5 5. Be3 Qf6 6. c3 Nge7 7. g3 b6 8. f4 Bb7 9. Bg2 0-0-0 10. b4 Bxd4 11. Bxd4 Nxd4 12. cxd4 d5 13. e5 Qc6 14. Nd2 Qc3 15. Rc1 Qxd4 16. Qc2 Qe3+ 17. Kd1 c6 18. Nb3 Ba6 19. Re1 Qd3+ 20. Qxd3 Bxd3 21. Nd4 Bc4 22. a3 c5 23. bxc5 bxc5 24. Nf3 Bb3+ 25. Kd2 c4 26. Nd4 Ba4 27. Rc3 Kc7 28. f5 Nc6 29. Nf3 h6 30. f6 gxf6 31. e6 fxe6 32. Rxe6 Rd6 33. Rce3 d4 34. Re1 c3+ 35. Kd3 Ne5+ 36. Nxe5 Rxe6 37. Nf3 Rxe1 38. Nxe1 Rd8 39. Be4 Bb5+ 40. Kc2 Kd6 41. Nf3 Kc5 42. Kb3 Re8 43. Bg6 Bc4+ 44. Kc2 Re2+ 45. Kc1 d3 0-1

[Event "Catalunya-ch (Women) 70th"]
[Site "Lleida"]
[Date "2012.12.??"]
[Round "4"]
[White "Riera Morilla, Elizabeth"]
[Black "Terrones Launes, Mireia"]
[Result "1/2-1/2"]
[WhiteElo "1974"]
[BlackElo "1945"]
[PlyCount "43"]
[EventDate "2012.12.06"]
[EventType "swiss"]
[EventRounds "6"]
[EventCountry "ESP"]
[SourceTitle "EXT 2017"]
[Source "ChessBase"]
[SourceDate "2016.10.25"]
[SourceVersion "1"]
[SourceVersionDate "2016.10.25"]
[SourceQuality "1"]

1. e4 e5 2. Bc4 Nc6 3. Nf3 Bc5 4. c3 Nf6 5. d3 d6 6. 0-0 h6 7. Nbd2 0-0 8. h3 Bb6 9. Bb3 Be6 10. Nc4 Na5 11. Nxa5 Bxa5 12. Bxe6 fxe6 13. Qb3 Qd7 14. Be3 Bb6 15. a4 Bxe3 16. fxe3 a5 17. Qc2 g5 18. g4 Qc6 19. Rae1 Kg7 20. Re2 Rf7 21. Ref2 Raf8 22. Kg2 1/2-1/2

[Event "Catalunya-ch U20"]
[Site "Vila Seca"]
[Date "2011.04.21"]
[Round "3"]
[White "Alquezar Calpena, Marc"]
[Black "Terrones Launes, Mireia"]
[Result "1-0"]
[WhiteElo "1800"]
[BlackElo "1557"]
[PlyCount "79"]
[EventDate "2011.04.20"]
[EventType "swiss"]
[EventRounds "8"]
[EventCountry "ESP"]
[SourceTitle "EXT 2012"]
[Source "ChessBase"]
[SourceDate "2011.11.24"]
[SourceVersion "1"]
[SourceVersionDate "2011.11.24"]
[SourceQuality "1"]

1. e4 e5 2. Nf3 Nf6 3. Nxe5 d6 4. Nf3 Nxe4 5. Nc3 Nf6 6. Bc4 Be7 7. 0-0 0-0 8. h3 c6 9. d4 b5 10. Bd3 a6 11. Re1 Bb7 12. Bg5 Nbd7 13. Ne4 Re8 14. Ng3 Nd5 15. Bxe7 Rxe7 16. Nf5 Rxe1+ 17. Qxe1 N7f6 18. Qd2 Ne7 19. Nxe7+ Qxe7 20. Re1 Qd7 21. Qf4 c5 22. Rd1 Qc6 23. dxc5 dxc5 24. Bf5 c4 25. Qg3 Qc5 26. Qg5 Qb4 27. b3 cxb3 28. cxb3 Re8 29. Kh2 Bxf3 30. gxf3 Qc3 31. Rg1 g6 32. Bg4 Nxg4+ 33. Qxg4 Qd2 34. Rg2 Qxa2 35. Qd7 Rf8 36. Qd5 a5 37. h4 a4 38. h5 Qb2 39. hxg6 hxg6 40. Rxg6+ 1-0

[Event "Catalunya-ch (Women) 69th"]
[Site "Barcelona"]
[Date "2011.??.??"]
[Round "6"]
[White "Terrones Launes, Mireia"]
[Black "Capellades Subirana, Laura"]
[Result "1-0"]
[WhiteElo "1959"]
[BlackElo "1651"]
[PlyCount "107"]
[EventDate "2011.12.03"]
[EventType "swiss"]
[EventRounds "6"]
[EventCountry "ESP"]
[SourceTitle "CBM 145 Extra"]
[Source "ChessBase"]
[SourceDate "2012.01.03"]
[SourceVersion "1"]
[SourceVersionDate "2012.01.03"]
[SourceQuality "1"]

1. e4 e5 2. Nf3 Nc6 3. d4 exd4 4. Nxd4 Bc5 5. Nxc6 Qf6 6. Qd2 Qxc6 7. Nc3 Bb4 8. Bd3 Ne7 9. 0-0 Bxc3 10. bxc3 0-0 11. Qg5 Ng6 12. Ba3 Re8 13. Rab1 b6 14. f3 Bb7 15. Rfd1 h6 16. Qd2 Qf6 17. c4 Qf4 18. Qxf4 Nxf4 19. c5 Bc6 20. g3 Ne6 21. Bb5 Bxb5 22. Rxb5 c6 23. Rbb1 b5 24. Rxd7 Red8 25. Rd6 a5 26. Rbd1 b4 27. Bb2 Rxd6 28. cxd6 Rd8 29. e5 g6 30. a3 h5 31. axb4 axb4 32. Kf2 Nc5 33. Rd4 Na4 34. Rxb4 Nxb2 35. Rxb2 f6 36. f4 Kf7 37. Ke3 Ke6 38. Ke4 Ra8 39. c4 Ra1 40. c5 Re1+ 41. Kd3 fxe5 42. fxe5 Rxe5 43. Re2 Rxe2 44. Kxe2 g5 45. Ke3 Kf6 46. Ke4 Ke6 47. h4 g4 48. Kf4 Kf6 49. d7 Ke7 50. d8Q+ Kxd8 51. Kg5 Ke7 52. Kxh5 Kf6 53. Kxg4 Kg6 54. Kf4 1-0

[Event "Catalunya-ch (Women) 69th"]
[Site "Barcelona"]
[Date "2011.??.??"]
[Round "2"]
[White "Terrones Launes, Mireia"]
[Black "Marin Benito, Carla"]
[Result "1-0"]
[WhiteElo "1959"]
[BlackElo "1827"]
[PlyCount "73"]
[EventDate "2011.12.03"]
[EventType "swiss"]
[EventRounds "6"]
[EventCountry "ESP"]
[SourceTitle "CBM 145 Extra"]
[Source "ChessBase"]
[SourceDate "2012.01.03"]
[SourceVersion "1"]
[SourceVersionDate "2012.01.03"]
[SourceQuality "1"]

1. e4 e5 2. Nf3 Nc6 3. d4 exd4 4. Nxd4 Nf6 5. Nxc6 bxc6 6. e5 Qe7 7. Qe2 Nd5 8. c4 Ba6 9. b3 Qh4 10. Bb2 Bb4+ 11. Kd1 Nf4 12. Qf3 Ne6 13. g3 Qe7 14. Nd2 Bc5 15. Ne4 0-0-0 16. Nxc5 Qxc5 17. Bg2 Bb7 18. Kc1 Qb6 19. Rd1 a5 20. Kc2 a4 21. Rd2 Ba6 22. Rad1 Qc5 23. Kb1 Qb4 24. Qc3 Qc5 25. f4 Rhe8 26. f5 Nf8 27. Bf1 axb3 28. axb3 g6 29. b4 Qa7 30. g4 Qb8 31. Qb3 d6 32. exd6 cxd6 33. b5 Re7 34. Qf3 Bb7 35. bxc6 Ba8 36. c5 Rc7 37. Ba6+ 1-0

[Event "Catalunya-ch (Women) 69th"]
[Site "Barcelona"]
[Date "2011.??.??"]
[Round "4"]
[White "Terrones Launes, Mireia"]
[Black "Ruiz Font, Elisabet"]
[Result "0-1"]
[WhiteElo "1959"]
[BlackElo "1971"]
[PlyCount "102"]
[EventDate "2011.12.03"]
[EventType "swiss"]
[EventRounds "6"]
[EventCountry "ESP"]
[SourceTitle "CBM 145 Extra"]
[Source "ChessBase"]
[SourceDate "2012.01.03"]
[SourceVersion "1"]
[SourceVersionDate "2012.01.03"]
[SourceQuality "1"]

1. e4 c5 2. Nf3 g6 3. c4 Nc6 4. d4 cxd4 5. Nxd4 Nf6 6. Nc3 d6 7. Be2 Nxd4 8. Qxd4 Bg7 9. Be3 0-0 10. Qd2 a5 11. 0-0 a4 12. f3 Qa5 13. Rac1 Bd7 14. Rfd1 Bc6 15. b3 axb3 16. axb3 Rfc8 17. Nd5 Qxd2 18. Nxf6+ Bxf6 19. Rxd2 Ra3 20. Rb1 Rca8 21. Kf2 Ra1 22. Rxa1 Rxa1 23. Bd4 Bxd4+ 24. Rxd4 Rb1 25. Rd3 Rb2 26. Re3 Kg7 27. Rd3 g5 28. Ke3 Kg6 29. g3 g4 30. fxg4 Bxe4 31. Kxe4 Rxe2+ 32. Kf3 Rxh2 33. Re3 e6 34. Rd3 Rb2 35. Kf4 h6 36. Rf3 Re2 37. Rd3 Rb2 38. Rf3 b6 39. Rd3 Kf6 40. Rf3 e5+ 41. Ke4+ Ke6 42. Re3 Rd2 43. Kf3 Rd4 44. Rc3 Kf6 45. b4 Kg5 46. c5 dxc5 47. bxc5 bxc5 48. Rxc5 Rd3+ 49. Ke4 Rxg3 50. Rxe5+ Kxg4 51. Re7 f5+ 0-1

[Event "Catalunya-ch (Women) 69th"]
[Site "Barcelona"]
[Date "2011.??.??"]
[Round "1"]
[White "Terrones Launes, Xenia"]
[Black "Terrones Launes, Mireia"]
[Result "0-1"]
[WhiteElo "1591"]
[BlackElo "1959"]
[PlyCount "80"]
[EventDate "2011.12.03"]
[EventType "swiss"]
[EventRounds "6"]
[EventCountry "ESP"]
[SourceTitle "CBM 145 Extra"]
[Source "ChessBase"]
[SourceDate "2012.01.03"]
[SourceVersion "1"]
[SourceVersionDate "2012.01.03"]
[SourceQuality "1"]

1. d4 Nf6 2. c4 e6 3. Nc3 Bb4 4. Bg5 h6 5. Bh4 Bxc3+ 6. bxc3 g5 7. Bg3 b6 8. e3 Bb7 9. Be5 d6 10. Bxf6 Qxf6 11. Qc2 Nd7 12. e4 0-0 13. Bd3 c5 14. d5 Rae8 15. Ne2 Ne5 16. 0-0 Ba6 17. Qa4 Nxd3 18. Qxa6 Re7 19. Rad1 Nf4 20. Nxf4 Qxf4 21. Rfe1 e5 22. Re3 f5 23. exf5 e4 24. Qa4 Rxf5 25. Qc2 Rfe5 26. a4 g4 27. Qb2 Rh5 28. g3 Qf5 29. a5 Kg7 30. axb6 axb6 31. Qxb6 Rxh2 32. Kxh2 Qxf2+ 33. Kh1 Qxe3 34. Rf1 Qxg3 35. Qd8 Rf7 36. Rxf7+ Kxf7 37. Qd7+ Kf6 38. Qe6+ Kg5 39. Qxe4 Qf3+ 40. Qxf3 gxf3 0-1

[Event "ESP-chT (Women)"]
[Site "Cortegana"]
[Date "2010.08.22"]
[Round "7"]
[White "Terrones Launes, Mireia"]
[Black "Gonzalez Berruga, Ana Isabel"]
[Result "1-0"]
[WhiteElo "1933"]
[BlackElo "2008"]
[PlyCount "88"]
[EventDate "2010.08.17"]
[EventType "team-tourn"]
[EventRounds "7"]
[EventCountry "ESP"]
[SourceTitle "CBM 138 Extra"]
[Source "ChessBase"]
[SourceDate "2010.10.29"]
[SourceVersion "1"]
[SourceVersionDate "2010.10.29"]
[SourceQuality "1"]

1. e4 c5 2. Nc3 d6 3. f4 Nc6 4. Nf3 g6 5. Bc4 e6 6. 0-0 Bg7 7. d3 Nge7 8. Bb3 0-0 9. Qe1 Nd4 10. e5 Nxf3+ 11. Rxf3 Nc6 12. exd6 Qxd6 13. Ne4 Qe7 14. c3 h6 15. g4 f5 16. gxf5 gxf5 17. Ng3 Kh7 18. Nh5 Bh8 19. Bd2 Bd7 20. Qf2 Rg8+ 21. Kf1 Rg6 22. Re1 b6 23. Rfe3 Rf8 24. Rg3 Rfg8 25. Ree3 Qd6 26. Qg1 Na5 27. Bd1 e5 28. Rxg6 Rxg6 29. Rg3 Bb5 30. Be2 e4 31. Rxg6 Qxg6 32. Qxg6+ Kxg6 33. Ng3 exd3 34. Bh5+ Kf6 35. c4 Nxc4 36. Bc3+ Ke6 37. Bxh8 d2 38. Kf2 Nd6 39. Bc3 Be8 40. Bxe8 Ne4+ 41. Nxe4 fxe4 42. Bxd2 Kf5 43. Ke3 b5 44. h3 h5 1-0

[Event "ESP-chT (Women)"]
[Site "Cortegana"]
[Date "2010.08.21"]
[Round "6"]
[White "Vega Gutierrez, Belinda Vidina"]
[Black "Terrones Launes, Mireia"]
[Result "1/2-1/2"]
[WhiteElo "2266"]
[BlackElo "1933"]
[PlyCount "97"]
[EventDate "2010.08.17"]
[EventType "team-tourn"]
[EventRounds "7"]
[EventCountry "ESP"]
[SourceTitle "CBM 138 Extra"]
[Source "ChessBase"]
[SourceDate "2010.10.29"]
[SourceVersion "1"]
[SourceVersionDate "2010.10.29"]
[SourceQuality "1"]

1. e4 e5 2. Nf3 Nc6 3. Bb5 a6 4. Bxc6 dxc6 5. 0-0 Bg4 6. h3 h5 7. d3 Qf6 8. Be3 Bxf3 9. Qxf3 Qxf3 10. gxf3 Bd6 11. Nd2 0-0-0 12. Nc4 Ne7 13. f4 exf4 14. Nxd6+ cxd6 15. Bxf4 f6 16. Be3 d5 17. Kh1 Rde8 18. Rae1 dxe4 19. dxe4 Rhg8 20. Rg1 g5 21. f4 gxf4 22. Bxf4 Ng6 23. Bh2 Ne5 24. Rgf1 Nd7 25. Rf5 Rg5 26. Rxg5 fxg5 27. e5 Nc5 28. Bg1 Ne6 29. Be3 Kc7 30. Kg2 Rf8 31. c4 Rf5 32. Bd2 Nf4+ 33. Bxf4 Rxf4 34. e6 Kd8 35. b3 Rf5 36. Rd1+ Ke7 37. Rd7+ Kxe6 38. Rxb7 Ra5 39. a4 Kd6 40. Rb8 Re5 41. b4 Re4 42. c5+ Kc7 43. Rb6 g4 44. h4 Rc4 45. Rxa6 Rxb4 46. Ra7+ Rb7 47. Ra8 Rb8 48. Ra7+ Rb7 49. Ra8 1/2-1/2

[Event "ESP-chT (Women)"]
[Site "Cortegana"]
[Date "2010.08.18"]
[Round "2"]
[White "Redondo Arguelles, Graciela"]
[Black "Terrones Launes, Mireia"]
[Result "1/2-1/2"]
[WhiteElo "2102"]
[BlackElo "1933"]
[PlyCount "109"]
[EventDate "2010.08.17"]
[EventType "team-tourn"]
[EventRounds "7"]
[EventCountry "ESP"]
[SourceTitle "CBM 138 Extra"]
[Source "ChessBase"]
[SourceDate "2010.10.29"]
[SourceVersion "1"]
[SourceVersionDate "2010.10.29"]
[SourceQuality "1"]

1. e4 e5 2. Nf3 Nc6 3. Bb5 a6 4. Ba4 Nf6 5. 0-0 b5 6. Bb3 Be7 7. Bd5 Bb7 8. c3 d6 9. d4 Rb8 10. Re1 exd4 11. Bxc6+ Bxc6 12. Nxd4 Bb7 13. f3 0-0 14. a4 Qd7 15. axb5 axb5 16. Be3 Rfe8 17. Na3 Bc6 18. Nac2 Ra8 19. Qd3 Reb8 20. Nb4 Rxa1 21. Rxa1 Ba8 22. Na6 Rc8 23. Qxb5 c6 24. Qf1 Bb7 25. Nf5 Bf8 26. Nb4 c5 27. Nd3 d5 28. Ng3 dxe4 29. fxe4 Nxe4 30. Ne5 Qe6 31. Qf4 Nxg3 32. Qxg3 Re8 33. Bf4 Bd6 34. Nf3 Bxf4 35. Qxf4 Bxf3 36. Qxf3 c4 37. h3 h6 38. Ra4 Rb8 39. Qf4 Rc8 40. Kh2 Qe2 41. Ra7 Qe6 42. Rb7 Qd5 43. Rb4 Qe6 44. Rb8 Rxb8 45. Qxb8+ Kh7 46. Qc7 Kg8 47. Qd8+ Kh7 48. Qd4 Kg8 49. Kg3 Qe2 50. h4 h5 51. Qf2 Qg4+ 52. Kh2 Qe6 53. Qf3 g6 54. Qf4 Kg7 55. Qd4+ 1/2-1/2

[Event "Catalunya-ch (Women)"]
[Site "Girona"]
[Date "2009.12.30"]
[Round "6"]
[White "Terrones Launes, Mireia"]
[Black "Marin Benito, Carla"]
[Result "1-0"]
[WhiteElo "1916"]
[BlackElo "1792"]
[PlyCount "82"]
[EventDate "2009.12.27"]
[EventType "swiss"]
[EventRounds "6"]
[EventCountry "ESP"]
[SourceTitle "EXT 2019"]
[Source "ChessBase"]
[SourceDate "2018.10.10"]
[SourceVersion "1"]
[SourceVersionDate "2018.10.10"]
[SourceQuality "1"]

1. e4 e5 2. Nf3 Nc6 3. d4 exd4 4. Nxd4 Bc5 5. Nb3 Bb6 6. Qe2 d6 7. Be3 Nf6 8. Bxb6 axb6 9. Nc3 Qe7 10. f3 d5 11. exd5 Qxe2+ 12. Bxe2 Nb4 13. 0-0-0 Nxa2+ 14. Nxa2 Rxa2 15. Kb1 Ra8 16. Bb5+ Bd7 17. Rhe1+ Kd8 18. Bxd7 Kxd7 19. d6 Rhe8 20. dxc7+ Kxc7 21. Nd4 Rxe1 22. Rxe1 Re8 23. Rd1 g6 24. c4 Re7 25. Nb5+ Kc8 26. Rd2 Ne8 27. b4 Rd7 28. Kc2 Rxd2+ 29. Kxd2 Kd7 30. Kd3 Nc7 31. Nxc7 Kxc7 32. Kd4 Kd6 33. c5+ Kc6 34. Kc4 f6 35. f4 f5 36. h3 b5+ 37. Kd4 Kd7 38. Kd5 Kc7 39. Ke5 Kc6 40. Ke6 h6 41. h4 Kc7 1-0

[Event "Tarragona Province-chA"]
[Site "Tarragona"]
[Date "2008.05.10"]
[Round "4"]
[White "Aguilar Vallcorba, Manel"]
[Black "Terrones Launes, Mireia"]
[Result "1-0"]
[WhiteElo "1711"]
[BlackElo "1878"]
[PlyCount "57"]
[EventDate "2008.04.19"]
[EventType "swiss"]
[EventRounds "8"]
[EventCountry "ESP"]
[SourceTitle "EXT 2019"]
[Source "ChessBase"]
[SourceDate "2018.10.10"]
[SourceVersion "1"]
[SourceVersionDate "2018.10.10"]
[SourceQuality "1"]

1. b4 e5 2. Bb2 d6 3. c4 Nf6 4. e3 g6 5. Be2 Bg7 6. d3 0-0 7. h4 h5 8. Nd2 Re8 9. Nh3 d5 10. Qc2 Nbd7 11. a3 a5 12. Ng5 axb4 13. axb4 Rxa1+ 14. Bxa1 b6 15. Ndf3 Bb7 16. cxd5 Bxd5 17. e4 Bb7 18. Qc4 Qe7 19. 0-0 c6 20. Bc3 Ng4 21. Ra1 Ra8 22. Rxa8+ Bxa8 23. Qa6 Qe8 24. Bd1 Nh6 25. Bb3 Qd8 26. Nxf7 Nxf7 27. Ng5 Qf8 28. Qa7 Nf6 29. Nxf7 1-0

[Event "Tarragona Province-chA"]
[Site "Tarragona"]
[Date "2008.04.19"]
[Round "1"]
[White "Terrones Launes, Mireia"]
[Black "Fernandez Alonso, Miquel A"]
[Result "0-1"]
[WhiteElo "1878"]
[BlackElo "2162"]
[PlyCount "178"]
[EventDate "2008.04.19"]
[EventType "swiss"]
[EventRounds "8"]
[EventCountry "ESP"]
[SourceTitle "EXT 2019"]
[Source "ChessBase"]
[SourceDate "2018.10.10"]
[SourceVersion "1"]
[SourceVersionDate "2018.10.10"]
[SourceQuality "1"]

1. e4 c5 2. Nc3 Nc6 3. f4 e6 4. Nf3 Nge7 5. d3 d5 6. g3 b6 7. Bg2 g6 8. 0-0 Bg7 9. Kh1 0-0 10. Bd2 Bb7 11. e5 a6 12. a4 Qc7 13. Be1 Nf5 14. Bf2 Rae8 15. Qd2 f6 16. exf6 Bxf6 17. g4 Nfd4 18. Bg3 Qd7 19. Rae1 Nxf3 20. Bxf3 Nd4 21. Bg2 Bd8 22. b3 Bc7 23. Ne2 e5 24. Nxd4 exd4 25. Rxe8 Rxe8 26. h3 Qf7 27. Bh2 Qe7 28. f5 Bxh2 29. Kxh2 Qe5+ 30. Kh1 Qe3 31. Qd1 g5 32. Qf3 Kf7 33. Rf2 Kf6 34. Kg1 h6 35. Kh2 b5 36. axb5 axb5 37. Qg3 Qxg3+ 38. Kxg3 Re3+ 39. Kh2 Re1 40. Kg3 b4 41. Kh2 Re3 42. Bh1 Bc6 43. Bg2 Re5 44. Kg3 Bb5 45. Bf1 Be8 46. Rd2 Re3+ 47. Kf2 Ke5 48. Rd1 h5 49. Bg2 hxg4 50. hxg4 Kf4 51. Bxd5 Kxg4 52. f6 Re5 53. Rg1+ Kh5 54. Be4 g4 55. Kg3 Kg5 56. Rf1 Bf7 57. Rf4 Re8 58. Rf5+ Kg6 59. Rxc5+ Kxf6 60. Rf5+ Kg7 61. Rg5+ Kf6 62. Rxg4 Rc8 63. Rf4+ Ke7 64. Rf2 Be6 65. Rh2 Kd6 66. Rh7 Rxc2 67. Rb7 Bd5 68. Rxb4 Bxe4 69. Rxd4+ Bd5 70. b4 Ke5 71. Rh4 Rc3 72. Kf2 Rxd3 73. b5 Rb3 74. b6 Rxb6 75. Ke3 Rb3+ 76. Ke2 Be4 77. Rh8 Kd4 78. Rd8+ Bd5 79. Kf2 Rf3+ 80. Ke2 Rf7 81. Rd6 Rg7 82. Rd8 Rg2+ 83. Kf1 Rb2 84. Rh8 Ke3 85. Re8+ Be4 86. Kg1 Rg2+ 87. Kf1 Rh2 88. Rg8 Rc2 89. Kg1 Rc1+ 0-1

[Event "Catalunya-ch U20"]
[Site "Catalunya"]
[Date "2008.03.23"]
[Round "7"]
[White "Terrones Launes, Mireia"]
[Black "Coll Ortega, Cristina"]
[Result "0-1"]
[WhiteElo "1878"]
[BlackElo "1766"]
[PlyCount "110"]
[EventDate "2008.03.19"]
[EventType "swiss"]
[EventRounds "9"]
[EventCountry "ESP"]
[SourceTitle "EXT 2010"]
[Source "ChessBase"]
[SourceDate "2010.11.25"]
[SourceVersion "1"]
[SourceVersionDate "2010.11.25"]
[SourceQuality "1"]

1. e4 d5 2. exd5 Qxd5 3. Nc3 Qd6 4. d4 Nf6 5. Nf3 c6 6. Bd3 Bg4 7. Be3 Nbd7 8. h3 Bxf3 9. Qxf3 e6 10. 0-0 Be7 11. a3 Qc7 12. b4 0-0 13. Ne4 Nxe4 14. Qxe4 Nf6 15. Qh4 g6 16. Qh6 Rfe8 17. c4 Bf8 18. Qh4 Bg7 19. Rad1 e5 20. dxe5 Qxe5 21. Bd4 Qe6 22. Rfe1 Qxe1+ 23. Rxe1 Rxe1+ 24. Kh2 Re6 25. Be3 a6 26. a4 Rd8 27. Bc2 Rde8 28. a5 Ne4 29. Bxe4 Rxe4 30. Qg5 Rxc4 31. Bc5 Bc3 32. Be3 Bxb4 33. Qf6 Bc3 34. Qf3 Bxa5 35. Bg5 Bc7+ 36. g3 Bd6 37. Qd3 Rc5 38. Qxd6 Rxg5 39. Qd7 Rge5 40. Qxb7 c5 41. Qxa6 Re4 42. Qd3 c4 43. Qc3 Rc8 44. Kg2 Ree8 45. Kf1 Red8 46. Ke2 Rd3 47. Qc2 Ra3 48. Qb2 Rca8 49. Kf1 c3 50. Qc2 Ra1+ 51. Kg2 Rc8 52. Kf3 Ra7 53. Ke2 Rb7 54. Kf1 Rb2 55. Qc1 c2 0-1

[Event "Catalunya-ch U20"]
[Site "Catalunya"]
[Date "2008.03.21"]
[Round "4"]
[White "Molinero Gomez, Sandra"]
[Black "Terrones Launes, Mireia"]
[Result "1-0"]
[WhiteElo "1834"]
[BlackElo "1878"]
[PlyCount "83"]
[EventDate "2008.03.19"]
[EventType "swiss"]
[EventRounds "9"]
[EventCountry "ESP"]
[SourceTitle "EXT 2010"]
[Source "ChessBase"]
[SourceDate "2010.11.25"]
[SourceVersion "1"]
[SourceVersionDate "2010.11.25"]
[SourceQuality "1"]

1. e4 e5 2. Nf3 Nc6 3. Bc4 Bc5 4. c3 Nf6 5. d3 d6 6. 0-0 0-0 7. b4 Bb6 8. Nbd2 h6 9. Re1 Be6 10. Bb3 a6 11. Nf1 Qd7 12. Be3 Bxe3 13. Nxe3 Rae8 14. Nh4 d5 15. exd5 Nxd5 16. Nxd5 Bxd5 17. Bxd5 Qxd5 18. Qg4 Re6 19. Re3 Kh7 20. Rg3 g6 21. f4 exf4 22. Qxf4 Qe5 23. Qxe5 Rxe5 24. Nf3 Re3 25. Ng5+ hxg5 26. Rxe3 Rd8 27. Rf1 Kg7 28. Ref3 Rd7 29. d4 Nd8 30. g3 Re7 31. Kf2 c6 32. Re3 Rd7 33. a4 b5 34. Ra1 Ne6 35. axb5 axb5 36. Ra6 Rd6 37. d5 Rxd5 38. Rxc6 Rd2+ 39. Re2 Rd3 40. Ke1 Rd5 41. Ra6 Rd3 42. Ra7 1-0